ბათუმის შოთა რუსთაველის სახელმწიფო უნივერსიტეტის ბიბლიოთეკა

Вода химия и экология 8/2017. (ბიბ.ჩანაწერი № 54542)

000 -LEADER
fixed length control field 00625nam a2200205Ia 4500
001 - CONTROL NUMBER
control field 21607
003 - CONTROL NUMBER IDENTIFIER
control field GE_BSU
008 - FIXED-LENGTH DATA ELEMENTS--GENERAL INFORMATION
fixed length control field 181216s||||||||xx |||||||||||||| ||und||
040 ## - CATALOGING SOURCE
Transcribing agency GE_BSU
245 ## - TITLE STATEMENT
Title Вода химия и экология 8/2017.
245 ## - TITLE STATEMENT
Remainder of title Всероссийский научно-практический журнал
245 ## - TITLE STATEMENT
Statement of responsibility, etc. Гл. ред. Кулов Н.Н.
260 ## - PUBLICATION, DISTRIBUTION, ETC.
Place of publication, distribution, etc. Москва
260 ## - PUBLICATION, DISTRIBUTION, ETC.
Date of publication, distribution, etc. 2017
300 ## - PHYSICAL DESCRIPTION
Extent 95стр,илл,29см
653 ## - INDEX TERM--UNCONTROLLED
Uncontrolled term Вода химия и экология 1/2017.
653 ## - INDEX TERM--UNCONTROLLED
Uncontrolled term Периодика
653 ## - INDEX TERM--UNCONTROLLED
Uncontrolled term პერიოდიკა
942 ## - ADDED ENTRY ELEMENTS (KOHA)
Koha item type პერიოდიკა
ეგზემპლარები
Withdrawn status Lost status Damaged status Not for loan Date acquired Barcode Date last seen Price effective from Koha item type
        2018-12-17 P78932 2018-12-17 2018-12-17 პერიოდიკა